Los "planos geognósticos de los Alpes, la Suiza y el Tirol". de Carlos Gimbernat / (Record no. 10245)

MARC details
000 -LEADER
campo de control de longitud fija 01018nam a2200277 i 4500
001 - NÚMERO DE CONTROL
campo de control 10245
003 - IDENTIFICADOR DE NÚMERO DE CONTROL
campo de control ES-MaACL
005 - FECHA Y HORA DE LA ÚLTIMA TRANSACCIÓN
campo de control 20230906145840.0
007 - CAMPO FIJO DE DESCRIPCIÓN FÍSICA--INFORMACIÓN GENERAL
campo de control de longitud fija t|
008 - DATOS DE LONGITUD FIJA--INFORMACIÓN GENERAL
campo de control de longitud fija 950324s1993 sp ||||1| spa d
020 ## - NÚMERO INTERNACIONAL ESTÁNDAR DEL LIBRO
Número Internacional Estándar del Libro 84-87111-25-4
080 ## - NÚMERO DE LA CLASIFICACIÓN DECIMAL UNIVERSAL
Número de la Clasificación Decimal Universal 551.43(494:234 Alpes)
100 1# - ENTRADA PRINCIPAL--NOMBRE DE PERSONA
Nombre de persona Parra del Río, Mª Dolores.
9 (RLIN) 89245
245 14 - MENCIÓN DEL TÍTULO
Título Los "planos geognósticos de los Alpes, la Suiza y el Tirol". de Carlos Gimbernat /
Mención de responsabilidad, etc. Mª Dolores Parra del Río.
260 ## - PUBLICACIÓN, DISTRIBUCIÓN, ETC.
Lugar de publicación, distribución, etc. Aranjuez :
Nombre del editor, distribuidor, etc. Doce Calles,
Fecha de publicación, distribución, etc. D.L. 1993.
300 ## - DESCRIPCIÓN FÍSICA
Extensión 383 p., 6 h. de lám. pleg. :
Otras características físicas il. ;
Dimensiones 25 cm.
490 1# - MENCIÓN DE SERIE
Mención de serie Theatrum naturae. Serie Textos clásicos
500 ## - NOTA GENERAL
Nota general Indices.
504 ## - NOTA DE BIBLIOGRAFÍA, ETC.
Nota de bibliografía, etc. Bibliografía: p. [321]-345.
600 14 - PUNTO DE ACCESO ADICIONAL DE MATERIA--NOMBRE DE PERSONA
Nombre de persona Gimbernat, Carlos de.
Título de la obra Planos geognósticos de los Alpes, la Suiza y el Tirol.
9 (RLIN) 57017
650 14 - PUNTO DE ACCESO ADICIONAL DE MATERIA--TÉRMINO DE MATERIA
Término de materia o nombre geográfico como elemento de entrada Relieve terrestre-
Subdivisión geográfica Alpes.
9 (RLIN) 16795
650 14 - PUNTO DE ACCESO ADICIONAL DE MATERIA--TÉRMINO DE MATERIA
Término de materia o nombre geográfico como elemento de entrada Rocas-
Subdivisión geográfica Alpes.
9 (RLIN) 16924
830 0# - PUNTO DE ACCESO ADICIONAL DE SERIE-TÍTULO UNIFORME
Título uniforme Theatrum naturae. Serie Textos clásicos
9 (RLIN) 178659
852 ## - LOCALIZACIÓN
Ubicación ES-MaACL
Número de control de estantería L-17675
Sublocalización o colección R.123669
Holdings
Estatus retirado Estado de pérdida Estado de daño No para préstamo Biblioteca de origen Biblioteca actual Ubicación en estantería Fecha de adquisición Fuente de adquisición Total de préstamos Signatura topográfica completa Código de barras Visto por última vez Precio de reemplazo Tipo de ítem Koha
        Biblioteca del Ateneo de Madrid Biblioteca del Ateneo de Madrid Depósito 2 17/01/2008     L-17675 1010454 23/02/2023 23/02/2023 Libro impreso